000 00859cam a2200265 a 4500
001 18143848
005 20180214041749.0
008 140508i2013 maua b 001 0 eng d
010 _a 2013443255
020 _a9781457606717 (pbk.)
020 _a1457606712 (pbk.)
035 _a(OCoLC)ocn816029145
040 _aBTCTA
_beng
_cBTCTA
_dBDX
_dVVX
_dOCLCO
_dYDXCP
_dIBZ
_dOCLCF
_dDLC
041 _aeng
042 _alccopycat
080 _a32 COL
082 _a32 COL
100 _a19
101 _aPOL
245 0 0 _aRereading America :
_cedited by Gary Colombo, Robert Cullen, Bonnie Lisle.
504 _aIncludes bibliographical references and index.
906 _a7
_bcbc
_ccopycat
_d2
_encip
_f20
_gy-gencatlg
942 _2ddc
_cBK
999 _c42475
_d42475